000 00475nam a22001817a 4500
003 OSt
005 20211027163143.0
008 211027b |||||||| |||| 00| 0 eng d
020 _a0582603196
040 _cHAWASSA UNIVERSITY
050 _a631.50913/WIL
_b3
082 _a631.50913/WIL
_b3
100 _aWILLIAMS C.N.
_913941
245 _aTREE AND FIELD CROPS OF THE WETTER REGIONS OF THE TROPICS
260 _bLONGMAN
_c1980
300 _aix/262
942 _2ddc
_cBOOKS
_n0
999 _c15347
_d15347